000 00593nam a2200181Ia 4500
005 20260429112246.0
008 260429s9999||||xx |||||||||||||| ||und||
020 _a9789348033482
041 _aHindi
082 _a332.8
_bSAN
100 _aसांकृत्यायन, राहुल
245 0 _aसूदखोर की मौत /
_cराहुल सांकृत्यायन
250 _a1st ed.
260 _aनई दिल्ली :
_bप्रकाशन संस्थान,
_c2024.
300 _ax, 109 p.; Hb
650 _aSocial Sciences
942 _cTB
999 _c53173
_d53173